| 000 | 00537nam a2200157Ia 4500 | ||
|---|---|---|---|
| 008 | 090711s9999 xx 000 0 und d | ||
| 082 | _b38325 | ||
| 100 | _aदारव्हेकर पु. व्यं. | ||
| 245 | _aअबोल झाली सतार | ||
| 260 | _c1964 | ||
| 600 | _aदारव्हेकर पु. व्यं. | ||
| 630 | _aअबोल झाली सतार | ||
| 700 | _aदारव्हेकर पु. व्यं. | ||
| 730 | _aअबोल झाली सतार | ||
| 942 | _cBOOK | ||
| 999 |
_c303404 _d303404 |
||